Winners of Wars involving Israel - Statistics

General Stats
  • This quiz has been taken 111 times
  • The average score is 11 of 15
Answer Stats
War Date Against Israel Winner % Correct
War of Independence 1947–1949 Egypt, Iraq, Transjordia,Syria, Lebanon, Saudi Arabia, Yemen Israel
100%
Sinai 1956 Egypt Israel
100%
Six-Day War 1967 Egypt, Iraq, Syria, Jordan Israel
100%
Yom Kippur War 1973 Egypt, Syria, Iraq, Jordan,Algeria, Morocco, Saudi Arabia Israel
95%
Operation Litani 1978 PLO Israel
95%
First Lebanon War 1982 PLO, Syria, Jammoul, Amal Israel
95%
Second Intifada 2000–2005 PA, Hamas Israel
88%
Operation Cast Lead 2008–2009 Hamas Israel
86%
Operation Pillar of Defense 2012 Hamas Israel
85%
War of Attrition 1967–1970 USSR, Egypt, Jordan, Kuwait, PLO Both
47%
Operation Protective Edge 2014 Hamas Both
46%
Israel–Palestine crisis 2021 Hamas Both
46%
First Intifada 1987–1993 UNLU, Hamas Neither
45%
Second Lebanon War 2006 Hezbollah Neither
45%
Security Zone Campaign 1982–2000 Hezbollah, Amal, Jammoul Enemies
42%
No matching quizzes found
Score Distribution
Percent of People with Each Score
Percentile by Number Answered
Your Score History
You have not taken this quiz